Oficina de Turisme Local / Diputació de Barcelona
MARC
| LEADER | 00000nam a2200000Ia 4500 | ||
|---|---|---|---|
| 001 | 15433 | ||
| 008 | 160829s1995 xx 000 0 cat d | ||
| 020 | |a 84-7794-359-1 | ||
| 080 | |a FU-37-36 | ||
| 110 | 1 | |a Barcelona (Catalunya : Província). |b Oficina de Turisme Local |9 56530 | |
| 245 | |a Oficina de Turisme Local / Diputació de Barcelona | ||
| 260 | |a [Barcelona] : |b Diputació de Barcelona, |c 1995 | ||
| 300 | |a 16 p. ; |c 18 x 24 cm | ||
| 590 | |a L'Oficina de Turisme Local coordina els treballs sobre turisme de les següents àrees de la Diputació: Àrea de Cultura ; Àrea d'Esports ; Àrea de Promoció Econòmica ; Àrea d'Acció Territorial i Medi Ambient | ||
| 610 | 1 | 0 | |a Barcelona (Catalunya : Província). |b Oficina de Turisme Local |9 56530 |
| 650 | 0 | |a Turisme |z Barcelona (Província) |9 32796 | |
| 710 | 1 | |a Barcelona (Catalunya : Província). |b Diputació |9 52408 | |
| 901 | |a Arxiu | ||
| 942 | |n 1 | ||
| 952 | |0 0 |1 0 |4 0 |6 FU3736 |7 1 |9 45449 |a Arxiu |b Arxiu |d 2016-12-01 |l 0 |o FU-37-36 |p 15433 |r 2016-12-01 00:00:00 |w 2016-12-01 |y ARXIU | ||
| 952 | |0 0 |1 0 |4 0 |6 E00880 |7 0 |8 Digital |9 58266 |a TURISME |b TURISME |d 2017-06-03 |l 0 |o E.00880 |p TURISME17060125 |r 2017-06-03 00:00:00 |u http://bibliotecageneral.diba.cat/cgi-bin/koha/opac-retrieve-file.pl?id=719298eb26682c883ae8fde232ebb4d1 |w 2017-06-03 |y DE |z FU-37-36 (còpia digital) | ||
| 999 | |c 48614 |d 48614 | ||
| 651 | 0 | |a Barcelona (Catalunya : Província) |9 50918 | |